000
00314nam a22001457a 4500
008
180919b xxu||||| |||| 00| 0 eng d
020
_a
071670076-X
041
_a
eng
080
_2
2nd
_a
51
082
_a
51
100
_a
36
101
_a
MAT
245
_a
Elementary Number Theory
_c
Dudley,U
942
_2
udc
_c
BK
999
_c
47990
_d
47990